कहानीकार महीपसिंहः मानवीय सम्बन्धो की सचेतन दृष्टि (Record no. 87874)
[ view plain ]
| 000 -LEADER | |
|---|---|
| fixed length control field | 00471nam a2200145Ia 4500 |
| 008 - FIXED-LENGTH DATA ELEMENTS--GENERAL INFORMATION | |
| fixed length control field | 230917s9999||||xx |||||||||||||| ||und|| |
| 040 ## - CATALOGING SOURCE | |
| -- | 178729 |
| Original cataloging agency | VIVEKANANDA LIBRARY |
| 041 ## - Language | |
| -- | English |
| 082 ## - DDC NUMBER | |
| Classification number | 891.43301731 SM64A |
| 100 ## - MAIN ENTRY--PERSONAL NAME | |
| Personal name | अशोक कुमार |
| 245 #0 - TITLE STATEMENT | |
| Title | कहानीकार महीपसिंहः मानवीय सम्बन्धो की सचेतन दृष्टि |
| 260 ## - PUBLICATION, DISTRIBUTION, ETC. (IMPRINT) | |
| Date of publication, distribution, etc | 2002 |
| 300 ## - PHYSICAL DESCRIPTION | |
| Pages | ii, 331 पृ. p. |
| 942 ## - ADDED ENTRY ELEMENTS (KOHA) | |
| Koha item type | Thesis |
| Withdrawn status | Lost status | Damaged status | Not for loan | Location (home branch) | Sublocation or collection (holding branch) | Date acquired | Koha issues (times borrowed) | Koha full call number | Accession No. | Koha date last seen | Koha item type |
|---|---|---|---|---|---|---|---|---|---|---|---|
| VIVEKANANDA LIBRARY | VIVEKANANDA LIBRARY | 20/01/2011 | 891.43301731 SM64A | 168128 | 17/09/2023 | Thesis |
